|
|
|
|
| LEADER |
00000nam2a2200000 4500 |
| 001 |
84152 |
| 005 |
20231101213333.0 |
| 010 |
|
|
|a 5170037600
|
| 010 |
|
|
|a 5-271-01183-6
|
| 035 |
|
|
|a (RuTPU)RU\TPU\book\90469
|
| 090 |
|
|
|a 84152
|
| 100 |
|
|
|a 20051026d2004 m y0rusy50 ca
|
| 101 |
0 |
|
|a rus
|
| 102 |
|
|
|a RU
|
| 105 |
|
|
|a a j 001zy
|
| 200 |
1 |
|
|a Электричество и магнетизм
|
| 210 |
|
|
|d 2004
|
| 215 |
|
|
|a 336 с.
|c ил.
|
| 320 |
|
|
|a Предметный указатель: с. 334-336.
|
| 461 |
|
1 |
|0 (RuTPU)RU\TPU\book\91101
|y 5-17-008962-7
|y 5-271-01033-3
|t Курс общей физики
|o учебное пособие для втузов
|o в 5 кн.
|f И. В. Савельев
|v Кн. 2
|d 2004
|
| 606 |
1 |
|
|a Физика
|2 stltpush
|3 (RuTPU)RU\TPU\subj\63709
|9 80688
|
| 606 |
1 |
|
|a Электричество и магнетизм
|2 stltpush
|3 (RuTPU)RU\TPU\subj\71197
|9 85222
|
| 610 |
1 |
|
|a магнетизм
|
| 610 |
1 |
|
|a электрическое поле
|
| 610 |
1 |
|
|a вакуум
|
| 610 |
1 |
|
|a диэлектрики
|
| 610 |
1 |
|
|a проводники
|
| 610 |
1 |
|
|a электрические поля
|
| 610 |
1 |
|
|a энергия
|
| 610 |
1 |
|
|a постоянный ток
|
| 610 |
1 |
|
|a магнитное поле
|
| 610 |
1 |
|
|a электромагнитная индукция
|
| 610 |
1 |
|
|a уравнения Максвелла
|
| 610 |
1 |
|
|a заряженные частицы
|
| 610 |
1 |
|
|a электрические колебания
|
| 610 |
1 |
|
|a металлы
|
| 610 |
1 |
|
|a электропроводность
|
| 610 |
1 |
|
|a учебные пособия
|
| 675 |
|
|
|a 53(075.8)
|v 3
|
| 675 |
|
|
|a 537(075.8)
|v 3
|
| 801 |
|
1 |
|a RU
|b 63413507
|c 20030226
|g PSBO
|
| 801 |
|
2 |
|a RU
|b 63413507
|c 20140221
|g PSBO
|
| 942 |
|
|
|c BK
|